Measurement and evaluation in the secondary school /

Bibliographic Details
Main Author: Greene, Harry A. (Harry Andrew), 1889-1974
Format: Book
Language:English
Published: New York : Longmans, Green, 1954.
Edition:[2d ed.].
Subjects:

MARC

Tag First Indicator Second Indicator Subfields
LEADER 00000cam a22000001 4500
001 in00000084653
005 20151008053202.0
008 790416s1954 nyua 00010 eng
010 |a  54008024  
019 |a 187531  |a 3557897 
035 |a (OCoLC)00187346 
035 |9 AAH6572AM 
040 |a DLC  |c DLC  |d TXA  |d UtOrBLW 
049 |a TXAM  |c  [247323] 
050 0 0 |a LB3051  |b .G7 1954 
082 0 |a 371.26 
092 |a 371.26  |b G799ms2 
100 1 |a Greene, Harry A.  |q (Harry Andrew),  |d 1889-1974. 
245 1 0 |a Measurement and evaluation in the secondary school /  |c [by] Harry A. Greene, Albert N. Jorgensen [and] J. Raymond Gerberich. 
250 |a [2d ed.]. 
264 1 |a New York :  |b Longmans, Green,  |c 1954. 
300 |a 690 pages :  |b illustrations ;  |c 22 cm. 
336 |a text  |b txt  |2 rdacontent 
337 |a unmediated  |b n  |2 rdamedia 
338 |a volume  |b nc  |2 rdacarrier 
650 0 |a Educational tests and measurements. 
999 |a MARS 
999 f f |s 815aad30-4f28-3dc6-aafc-7c167bb30d93  |i 2f07862c-4550-3d8c-9cac-9b4d7434db56  |t 0 
952 f f |p ric  |a Texas A&M University  |b Rellis Campus  |c Joint Library Facility  |d Remote Storage  |t 0  |e LB3051 .G7 1954  |h Library of Congress classification  |i unmediated -- volume  |m A14800833167 
998 f f |a LB3051 .G7 1954  |t 0  |l Remote Storage